<?xml version="1.0" encoding="UTF-8"?>
<collection xmlns="http://www.loc.gov/MARC21/slim">
 <record>
  <leader>01287nam a22002177a 4500</leader>
  <controlfield tag="001">NCT_83474</controlfield>
  <controlfield tag="008">200727b        xxu||||| |||| 00| 0 vie d</controlfield>
  <datafield tag="999" ind1=" " ind2=" ">
   <subfield code="c">4108</subfield>
   <subfield code="d">4108</subfield>
  </datafield>
  <datafield tag="020" ind1=" " ind2=" ">
   <subfield code="a">9780606268103</subfield>
  </datafield>
  <datafield tag="082" ind1="0" ind2="4">
   <subfield code="2">23rd ed.</subfield>
   <subfield code="a">741.5</subfield>
   <subfield code="b">D918</subfield>
  </datafield>
  <datafield tag="100" ind1="1" ind2=" ">
   <subfield code="a">DuPrau, Jeanne</subfield>
  </datafield>
  <datafield tag="245" ind1="1" ind2="0">
   <subfield code="a">The city of ember : </subfield>
   <subfield code="b">The graphic novel</subfield>
   <subfield code="c"> Jeanne DuPrau ; Dallas Middaugh (adapted) ; Niklas Asker (art)</subfield>
  </datafield>
  <datafield tag="260" ind1=" " ind2=" ">
   <subfield code="a">New York</subfield>
   <subfield code="b">Random House </subfield>
   <subfield code="c">2012</subfield>
  </datafield>
  <datafield tag="300" ind1=" " ind2=" ">
   <subfield code="a">144p.</subfield>
   <subfield code="b">col. ill.</subfield>
   <subfield code="c">24cm.</subfield>
  </datafield>
  <datafield tag="520" ind1="3" ind2=" ">
   <subfield code="a">In the spring 2003, kids, parents, teachers, librarians-whole communities-discovered and fell in love with Jeanne DuPrau's story about a doomed city, and the two children who found a way out. Nearly 10 years later, that story, The City of Ember, is a bona fide classic, with over 1.7 million copies sold. Now experience Jeanne DuPrau's vision anew as artist Niklas Asker faithfully brings to life the glare of the lamps, the dinginess of the streets, and the brilliance of the first sunrise.</subfield>
  </datafield>
  <datafield tag="653" ind1=" " ind2=" ">
   <subfield code="a">Tham khảo</subfield>
  </datafield>
  <datafield tag="700" ind1="1" ind2=" ">
   <subfield code="a">Dallas Middaugh</subfield>
   <subfield code="e">Adapted</subfield>
  </datafield>
  <datafield tag="700" ind1="1" ind2=" ">
   <subfield code="a">Niklas Asker</subfield>
   <subfield code="e">Art</subfield>
  </datafield>
  <datafield tag="942" ind1=" " ind2=" ">
   <subfield code="2">ddc</subfield>
   <subfield code="c">BK</subfield>
  </datafield>
  <datafield tag="952" ind1=" " ind2=" ">
   <subfield code="0">0</subfield>
   <subfield code="1">0</subfield>
   <subfield code="2">ddc</subfield>
   <subfield code="4">0</subfield>
   <subfield code="6">741_500000000000000_D918</subfield>
   <subfield code="7">0</subfield>
   <subfield code="9">20142</subfield>
   <subfield code="a">000001</subfield>
   <subfield code="b">000001</subfield>
   <subfield code="d">2020-07-27</subfield>
   <subfield code="o">741.5 D918</subfield>
   <subfield code="p">TK.00959</subfield>
   <subfield code="r">2020-07-27</subfield>
   <subfield code="w">2020-07-27</subfield>
   <subfield code="y">BK</subfield>
  </datafield>
  <datafield tag="980" ind1=" " ind2=" ">
   <subfield code="a">Thư viện Trường Đại học Nam Cần Thơ</subfield>
  </datafield>
 </record>
</collection>
